00214nam a22000857a 4500082000800000100001800008245006300026260003000089300000900119 aTNC aSomany, Ganga aHinduism :bAn illustrative introduction cby Ganga Somany aNew DelhibS.S.M.P.c2018 av.p.